000 00330nam a22001457a 4500
008 210308b ||||| |||| 00| 0 eng d
020 _a0838579930
041 _aeng
080 _23rd
_a159.9
082 _a159.9
100 _a48
101 _aPSI
245 _aPsychiatric Mental Health Nursing
_cMurray, R.B
942 _2udc
_cBK
999 _c56002
_d56002